• 首页
  • 本馆介绍
  • 公告通知
  • 最新文献
  • 馆藏检索
  • 电子资源
  • 读者导购
  • 参考咨询
  • 我的图书馆
  • 登录
  • 详细信息显示
  • 放入我的书架
  • 预约/预借图书
  • 作者相关作品
  • 分类相关作品
  • 丛书相关作品
  • 出版社相关作品

书目信息

  • 表格格式
  • 工作单格式
  • 卡片格式
题名:
地球百科
    
 
作者: 赵岩 主编
分册:  
出版信息: 长春   北方妇女儿童出版社  2017
页数: 121页
开本: 24cm
丛书名:
单 册:
中图分类: P183-49
科图分类:
主题词: 地球--少儿读物
电子资源:
ISBN: 978-7-5585-0471-6
000 00548nam0 2200205 450
001 3688
005 20180527175011.47
010    @a978-7-5585-0471-6@dCNY21.80
100    @a20171222d2017 cemy0chiy50 ea
101 0  @achi
102    @aCN@b220000
105    @aa z 000yy
200 1  @a地球百科@9di qiu bai ke@f赵岩主编
210    @a长春@c北方妇女儿童出版社@d2017
215    @a121页@c彩图@d24cm
606 0  @a地球@j少儿读物
690    @aP183-49@v5
701  0 @a赵岩@9zhao yan@4主编
801  0 @aCN@b91MARC@c20171222
905    @aMuseLib@dP183-49@e220
    
    地球百科/赵岩主编.-长春:北方妇女儿童出版社,2017
    121页:彩图;24cm
    
    
    ISBN 978-7-5585-0471-6:CNY21.80
    
●
相关链接 在E读中查询图书 在五车中查询图书 在当当中查询图书 在豆瓣中查询图书


正题名:地球百科     索取号:P183-49/220         预约/预借

序号 登录号 条形码 馆藏地/架位号 状态 备注
1 1110220   211102206   第二样本阅览室/ [索取号:P183-49/220] 在馆    
2 1110221   211102215   教育系资料室/ [索取号:P183-49/220] 在馆    
3 1110222   211102224   教育系资料室/ [索取号:P183-49/220] 在馆    
4 1110223   211102233   第三借阅区/ [索取号:P183-49/220] 已借出,限还日期为2026.06.11
借出人:王立中  
 
唐山师范学院图书馆 欢迎您!
大连网信软件有限公司© 版权所有